Logos de Equipos de la MLB - Estadísticas

Estadísticas generales
  • Esta prueba ha sido intentada 1.015 veces
  • La puntuación promedio es 17 de 30
Estadísticas de respuestas
Imagen Respuesta % Correcto
Baltimore Orioles
86%
New York Yankees
79%
Los Angeles Angels
78%
Boston Red Sox
75%
Chicago Cubs
73%
Detroit Tigers
73%
Toronto Blue Jays
73%
Kansas City Royals
68%
Miami Marlins
68%
Pittsburgh Pirates
68%
San Diego Padres
67%
Seattle Mariners
65%
St. Louis Cardinals
65%
New York Mets
60%
Colorado Rockies
55%
Milwaukee Brewers
53%
San Francisco Giants
53%
Tampa Bay Rays
51%
Washington Nationals
51%
Los Angeles Dodgers
47%
Houston Astros
43%
Atlanta Braves
42%
Cincinnati Reds
40%
Chicago White Sox
39%
Philadelphia Phillies
38%
Texas Rangers
37%
Arizona Diamondbacks
36%
Oakland Athletics
33%
Minnesota Twins
29%
Cleveland Guardians
12%
No se encontraron pruebas coincidentes
Distribución de puntuación
Porcentaje de gente con cada puntuación
Porcentaje por número respondido
Historial de tus puntuaciones
No has intentado esta prueba.